Catálogo
 En Linea

III Festival internacional de la poesía : (Registro nro. 47136)

Detalles MARC
000 -CABECERA
campo de control de longitud fija 00880nam a2200241 a 4500
001 - NÚMERO DE CONTROL
campo de control 000047648
003 - IDENTIFICADOR DEL NÚMERO DE CONTROL
campo de control DO-SdBNP
005 - FECHA Y HORA DE LA ÚLTIMA TRANSACCIÓN
campo de control 20230221131415.0
007 - CAMPO FIJO DE DESCRIPCIÓN FÍSICA--INFORMACIÓN GENERAL
campo de control de longitud fija ta
008 - DATOS DE LONGITUD FIJA--INFORMACIÓN GENERAL
campo de control de longitud fija 180709s2011 000 spa d
040 ## - FUENTE DE LA CATALOGACIÓN
Centro catalogador/agencia de origen DO-SdBNP
Lengua de catalogación spa
Centro/agencia transcriptor BNPHU
082 #4 - NÚMERO DE LA CLASIFICACIÓN DECIMAL DEWEY
Número de edición 22
111 2# - ENTRADA PRINCIPAL--NOMBRE DE CONGRESO/REUNIÓN
Nombre de congreso/reunión o jurisdicción como elemento de entrada Festival Internacional de la Poesía de Santo Domingo
Número del congreso/reunión o número de parte o sección (3er. :
Fecha del congreso/reunión 2011 : 19-23 octubre
Sede del congreso/Lugar de la reunión Santo Domingo)
9 (RLIN) 75259
245 00 - MENCIÓN DE TÍTULO
Título III Festival internacional de la poesía :
Resto del título programa /.
246 00 - FORMA VARIANTE DE TÍTULO
Título propio/Titulo breve tercer festival internacional de la poesía
260 ## - PUBLICACIÓN, DISTRIBUCIÓN, ETC.
Lugar de publicación, distribución, etc. Santo Domingo,República Dominicana :
Nombre del editor, distribuidor, etc. Ministerio de Cultura,
Fecha de publicación, distribución, etc. 2011.
300 ## - DESCRIPCIÓN FÍSICA
Extensión 28 p. ;
Dimensiones 24 cm.
500 ## - NOTA GENERAL
Nota general Dedicado a Manuel del Cabral
500 ## - NOTA GENERAL
Nota general ¡De este lado del mar la poesía florece!
500 0# - NOTA GENERAL
Nota general Incluye notas bibliográficas de los poetas participantes participantes
590 ## - NOTA LOCAL (RLIN)
Nota local Inventariado, 2019/VM
942 ## - ELEMENTOS DE PUNTO DE ACCESO ADICIONAL (KOHA)
Fuente del sistema de clasificación o colocación Dewey Decimal Classification
Tipo de ítem Koha Libro
Existencias
Estado de retiro Estado de pérdida Fuente del sistema de clasificación o colocación Restricciones de uso No para préstamo Código de colección Localización permanente Ubicación/localización actual Ubicación en estantería Fecha de adquisición Código de barras Fecha visto por última vez Precio válido a partir de Tipo de ítem Koha Fuente de adquisición Total de préstamos Número de copia
    Dewey Decimal Classification Excluido de préstamo   Patrimonio Dominicano Biblioteca Nacional Pedro Henríquez Ureña Biblioteca Nacional Pedro Henríquez Ureña Depósito 09.07.2018 47648-10 25.06.2020 25.06.2020 Libro      
    Dewey Decimal Classification Excluido de préstamo   Patrimonio Dominicano Biblioteca Nacional Pedro Henríquez Ureña Biblioteca Nacional Pedro Henríquez Ureña En catalogación 21.02.2023 2023-1045 21.02.2023 21.02.2023 Libro Donación   e.2

Con tecnología Koha